Civil Procedure (Record no. 1848257)
[ view plain ]
| 000 -LEADER | |
|---|---|
| fixed length control field | 00636nam a22001937a 4500 |
| 005 - DATE AND TIME OF LATEST TRANSACTION | |
| control field | 20260413145328.0 |
| 008 - FIXED-LENGTH DATA ELEMENTS--GENERAL INFORMATION | |
| fixed length control field | 260413b |||||||| |||| 00| 0 eng d |
| 020 ## - INTERNATIONAL STANDARD BOOK NUMBER | |
| International Standard Book Number | 9788194426394 |
| 040 ## - CATALOGING SOURCE | |
| Transcribing agency | FLL |
| 041 ## - LANGUAGE CODE | |
| Source of code | Eng |
| Language code of text/sound track or separate title | Eng |
| 084 ## - COLON CLASSIFICATION NUMBER | |
| Classification number | Z2,801 R6 |
| 100 ## - MAIN ENTRY--PERSONAL NAME | |
| Personal name | Bakshi,P.M. |
| 245 ## - TITLE STATEMENT | |
| Title | Civil Procedure |
| Remainder of title | Limitation and Commercial Courts alongwith Letters Patent |
| Statement of responsibility, etc. | As amended by the Mediation Act,2023 Guidelines and Principles under relevant sections and orders |
| 250 ## - EDITION STATEMENT | |
| Edition statement | 4th |
| 260 ## - PUBLICATION, DISTRIBUTION, ETC. | |
| Place of publication, distribution, etc. | New Delhi,India |
| Name of publisher, distributor, etc. | Whytes & Co. |
| Date of publication, distribution, etc. | 2026 |
| 300 ## - PHYSICAL DESCRIPTION | |
| Extent | clxxxv,1044,vii |
| 650 ## - SUBJECT ADDED ENTRY--TOPICAL TERM | |
| Topical term or geographic name entry element | Code of Civil Procedure |
| 942 ## - ADDED ENTRY ELEMENTS (KOHA) | |
| Source of classification or shelving scheme | Colon Classification (CC) |
| Koha item type | Textbook |
| 100 ## - MAIN ENTRY--PERSONAL NAME | |
| -- | 1116853 |
| 999 ## - | |
| -- | 1848257 |
| -- | 1848257 |
| Withdrawn status | Lost status | Source of classification or shelving scheme | Damaged status | Not for loan | Home library | Current library | Date acquired | Source of acquisition | Cost, normal purchase price | Inventory number | Total checkouts | Full call number | Barcode | Date last seen | Copy number | Price effective from | Koha item type |
|---|---|---|---|---|---|---|---|---|---|---|---|---|---|---|---|---|---|
| Colon Classification (CC) | Faculty of Law Library | Faculty of Law Library | 2026-02-17 | Satyam Books Pvt Ltd. | 1180.00 | 1591-12/02/2026 | Z2,801 R6 | LL1943598 | 2026-04-13 | 1 | 2026-04-13 | Reference | |||||
| Colon Classification (CC) | Faculty of Law Library | Faculty of Law Library | 2026-02-17 | Satyam Books Pvt Ltd. | 1180.00 | 1591-12/02/2026 | Z2,801 R6 | LL1943599 | 2026-04-13 | 2 | 2026-04-13 | Textbook | |||||
| Colon Classification (CC) | Faculty of Law Library | Faculty of Law Library | 2026-02-17 | Satyam Books Pvt Ltd. | 1180.00 | 1591-12/02/2026 | Z2,801 R6 | LL1943600 | 2026-04-13 | 3 | 2026-04-13 | Textbook | |||||
| Colon Classification (CC) | Faculty of Law Library | Faculty of Law Library | 2026-02-17 | Satyam Books Pvt Ltd. | 1180.00 | 1591-12/02/2026 | Z2,801 R6 | LL1943601 | 2026-04-13 | 4 | 2026-04-13 | Textbook | |||||
| Colon Classification (CC) | Faculty of Law Library | Faculty of Law Library | 2026-02-17 | Satyam Books Pvt Ltd. | 1180.00 | 1591-12/02/2026 | Z2,801 R6 | LL1943602 | 2026-04-13 | 5 | 2026-04-13 | Textbook | |||||
| Colon Classification (CC) | Faculty of Law Library | Faculty of Law Library | 2026-02-17 | Satyam Books Pvt Ltd. | 1180.00 | 1591-12/02/2026 | Z2,801 R6 | LL1943603 | 2026-04-13 | 6 | 2026-04-13 | Textbook |
